000 00702nam a22002297a 4500
005 20170124110010.0
010 _aA-596731
020 _c00.00
_a8170187397
035 _aA-596731
037 _bCen Lib/Ret
040 _aDPL
_bEN
082 _a370.1
_bBOU
100 _aBourai, H. H. A
_987777
245 _aIndian theory of education /
_cby H. H. A. Bourai
260 _aNew Delhi
_bB. K. Publishing Corporation
_c1993
270 _a29/9 Nangia Park, Shakti Nagar
_bDelhi
_e110007
300 _aviii,253p.
_c20cm(Hb)
500 _aIncludes index
650 _aEducation--Study and teaching
_987778
650 _aEducation--Philosophy
_98710
942 _2ddc
_cEN
_h370.1
_mBOU
999 _c126460
_d126460